OJHL Teams - Statistics

General Stats
  • This quiz has been taken 22 times
  • The average score is 16 of 24
Answer Stats
Conference Team Name % Correct
West Burlington Cougars
82%
East Cobourg Cougars
82%
West Collingwood Blues
82%
West Leamington Flyers
82%
West Oakville Blades
76%
West Georgetown Raiders
71%
West Milton Menace
71%
East Trenton Golden Hawks
71%
West Buffalo Jr. Sabres
65%
East Lindsay Muskies
65%
East Markham Royals
65%
West Niagara Falls Canucks
65%
East North York Rangers
65%
East Stouffville Spirit
65%
West Toronto Patriots
65%
West Caledon Admirals
59%
West Mississauga Chargers
59%
East Pickering Panthers
59%
East Wellington Dukes
59%
East Aurora Tigers
53%
West Brantford 99ers
53%
East Haliburton County Huskies
53%
East St. Michael's Buzzers
53%
East Toronto Jr. Canadiens
53%
No matching quizzes found
Score Distribution
Percent of People with Each Score
Percentile by Number Answered
Your Score History
You have not taken this quiz